| 000 | 01309cam a2200385 a 4500 | ||
|---|---|---|---|
| 001 | 1821 | ||
| 003 | FISKH | ||
| 005 | 20251023092201.0 | ||
| 008 | 021223s2003 nyua b b 001 0 eng | ||
| 010 | _a 2002156198 | ||
| 020 | _a0516258524 (lib. bdg.) | ||
| 020 | _a0516278754 (pbk.) | ||
| 040 |
_aDLC _cDLC _dDLC _beng |
||
| 042 | _alcac | ||
| 043 | _an-us-pa | ||
| 050 | 0 | 0 |
_aF158.8.I3 _bD68 2003 |
| 082 | 0 | 0 |
_a974.8/11 _221 |
| 100 | 1 | _aDouglas, Lloyd G. | |
| 245 | 1 | 4 |
_aThe Liberty bell / _cby Lloyd G. Douglas. |
| 260 |
_aNew York : _bScholastic, _c2003. |
||
| 300 |
_a24 pages : _bcolor illustrations ; _c16 x 18 cm |
||
| 490 | 1 | _aWelcome Books | |
| 504 | _aIncludes bibliographical references (p. 23) and index. | ||
| 505 | 0 | _aH | |
| 520 | _aUses easy-to-read text to introduce the Liberty Bell as an American symbol. | ||
| 521 | 8 |
_a450
_bLexile |
|
| 521 | 8 |
_aH
_bRaz-Plus |
|
| 650 | 0 |
_aLiberty Bell _vJuvenile literature. |
|
| 650 | 1 | _aLiberty Bell. | |
| 651 | 0 |
_aPhiladelphia (Pa.) _xBuildings, structures, etc. _vJuvenile literature. |
|
| 800 | 1 |
_aDouglas, Lloyd G. _tAmerican symbols. |
|
| 906 |
_a7 _bcbc _corignew _d1 _eecip _f20 _gy-gencatlg |
||
| 942 |
_2ddc _cBK _n0 |
||
| 999 |
_c1821 _d1821 |
||